00703nam a2200169 a 450000100100000000500170001000800410002704000250006808200160009310000450010924501170015426000930027130000290036404900090039395201140040299900170051600003213620200930063448.0110713s1980 dr c 000 0 spa d aDO-SdBNPbspacBNPHU axxxxbG492d1 aGinebra Hernández, Luis Augusto95631110aDiscurso del Dr. Luis Augusto Ginebra Hernández, presidente electo del Consejo Nacional de Hombres de Empresa. a[Santo Domingo :bConsejo Nacional de Hombres de Empresa República Dominicana,c1980]. a20 p. :bretr. ;c21 cm. aBNPD 0010718PDaPDbPDcCTd2011-07-13iLF1l0oxxxx G492dp32136-10r2020-06-25w2020-06-25yLFPDZNo se presta c31627d31627